000 00599nam a22002297a 4500
003 UA-OsUOA
001 86989
007 ta
008 20120913b un ||||| |||| 00| 0 ukr d
100 _aИйеш Д.
090 _a82.09
_bИ40
942 _cBK
040 _aUA-OsUOA
_brus
_cUA-OsUOA
_dUA-OsUOA
245 _aШандор Петефи
300 _a496 с.
955 _a1
041 _arus
080 _a82.09
260 _aМ.
_bХудожественная литература
_c1972
650 7 _a82 Література. Літературознавство
_2UDC
999 _c373202
_d373202